000 00292nam a22001337a 4500
008 181008b xxu||||| |||| 00| 0 eng d
020 _a9780723416722
041 _aeng
080 _22nd
_a61
100 _a6
101 _aANE
245 _aRegional Anesthesia
_cHoerster,W
942 _2udc
_cBK
999 _c48981
_d48981